000 02200nam a22002297a 4500
003 TH-BaNU
005 20230403123355.0
008 230403b2019 TH ||||| |||| 00| 0 tha d
020 _a9786160837311
040 _aTH-BaNU
100 _aณรงค์วิทย์ แสนทอง
245 _aกล้าเปลี่ยนแปลง 2
260 _aกรุงเทพฯ:
_bซีเอ็ดยูเคชั่น:
_c2562
300 _a194 หน้า
520 _aหนังสือเล่มนี้เป็นเล่มต่อของ "กล้าเปลี่ยนแปลง" เล่มแรกที่เขียนไว้ตั้งแต่ปี 2545 ซึ่งเป็นหนังสือขายดี นักเขียนจึงได้รวบรวมประสบการณ์ในการพัฒนาตัวเอง และการเป็นที่ปรึกษาที่ผ่านมา จนกลายมาเป็นหนังสือ "กล้าเปลี่ยนแปลง 2" เล่มนี้ ซึ่งได้รวบรวมกลเม็ดเคล็ดลับต่างๆ ที่จะทำให้เรากล้ากระโดดข้ามความกลัวไปสู่ความสำเร็จอย่างที่ต้องการได้ เพราะคนธรรมดาอย่างเราก็ประสบความสำเร็จในชีวิตได้ไม่ยาก หากเรากำหนดคำนิยามความสำเร็จในแบบฉบับของเราได้ จงเชื่อว่าทุกความสำเร็จ เริ่มต้นที่การกล้าเปลี่ยนแปลงตัวเองเสมอ
650 _aการพัฒนาตนเอง
650 _aความตระหนักในศักยภาพตน
850 _aKCNL
856 _uhttps://se-ed.belibcloud.com/book-detail/18056
_yse-ed e-library
942 _2local
_cEBK
998 _cbee
999 _c37596
_d37596